Histochemical study of the adrenergic innervation oh the heart in some mammals

Bibliographic Details
Main Authors: Siroťáková, M. (Author), Kočišová, M. (Author), Schmidtová, Katarína, 1943- (Author)
Format: Article
Language:Slovak
English
PhysicalDescription:Obr.
ISSN:0015-5748
Subjects:

MARC

LEADER 00000nab a2200000 a 4500
001 vtls000829956
003 SK-MaSNL
005 20260304131654.0
008 250429c2002 xo 0 slo
015 |a SNBRB2003/03-09622 
035 |a CLN000181611 
035 |a urn:nbn:sk:snk-ab9l3n 
035 |a (urnnbn)urn:nbn:sk:snk:ar-a08isx 
035 |a (uuid)465fe0c9-2343-417a-a52c-74bd4982e943 
040 |a SNKBUCL  |b slo  |c SNKBUCL  |e AACR2 
041 0 |a eng 
044 |a xo  |c SK 
080 |a 619:612.363  |2 1997 
080 |a 612.363-019  |2 1997 
100 1 |a Siroťáková, M.  |4 aut  |9 775966 
245 1 0 |a Histochemical study of the adrenergic innervation oh the heart in some mammals  |c M. Siroťáková, M. Kočišová, K. Schmidtová 
300 |b Obr. 
504 |a Res. angl. 
504 |a Bibliogr. odkazy 
650 0 7 |a srdce  |x inervácia adrenergická  |x histochémia  |x králiky  |x ošípané  |2 snkbucl  |9 1445314 
650 0 7 |a inervácia adrenergická  |2 snkbucl  |9 1365245 
650 0 7 |a králiky  |2 snkbucl  |9 14978 
650 0 7 |a ošípané  |2 snkbucl  |9 2795 
655 7 |a články z novín a časopisov  |2 snkbucl  |9 267496 
700 1 |a Kočišová, M.  |4 aut  |9 775964 
700 1 |a Schmidtová, Katarína,  |d 1943-  |4 aut  |9 230999 
773 0 |t Folia veterinaria  |g Roč. 46, č. 3 (2002), s. 146-150  |x 0015-5748 
850 |a Slovenská národná knižnica 
852 |a Slovenská národná knižnica 
958 |a article13 
958 |a MI 
958 |a NB 
958 |a OND 
958 |a EUIPO 
992 |a RBX 
999 |c 2897393  |d 2899323